Solid State Physics: (Record no. 1941)

MARC details
000 -LEADER
fixed length control field 00555nam a22001937a 4500
003 - CONTROL NUMBER IDENTIFIER
control field OSt
005 - DATE AND TIME OF LATEST TRANSACTION
control field 20260701125741.0
008 - FIXED-LENGTH DATA ELEMENTS--GENERAL INFORMATION
fixed length control field 260701b |||||||| |||| 00| 0 eng d
020 ## - INTERNATIONAL STANDARD BOOK NUMBER
International Standard Book Number 9789395138024
040 ## - CATALOGING SOURCE
Language of cataloging English
Transcribing agency Central Library IIT Goa
082 ## - DEWEY DECIMAL CLASSIFICATION NUMBER
Classification number 530.41
Item number SOL
245 ## - TITLE STATEMENT
Title Solid State Physics:
Remainder of title Useful for CSIR-NET|GATE|JEST|TIFR|P.hD Entrance Exam
250 ## - EDITION STATEMENT
Edition statement 4/e
260 ## - PUBLICATION, DISTRIBUTION, ETC.
Place of publication, distribution, etc. Pune :
Name of publisher, distributor, etc. IFAS Publication ,
Date of publication, distribution, etc. 2025
300 ## - PHYSICAL DESCRIPTION
Extent 153p.
650 ## - SUBJECT ADDED ENTRY--TOPICAL TERM
Topical term or geographic name entry element Solid State Physics
9 (RLIN) 238
650 ## - SUBJECT ADDED ENTRY--TOPICAL TERM
Topical term or geographic name entry element Condensed Matter Physics
9 (RLIN) 3881
942 ## - ADDED ENTRY ELEMENTS (KOHA)
Source of classification or shelving scheme Dewey Decimal Classification
Koha item type Books
Holdings
Withdrawn status Lost status Source of classification or shelving scheme Damaged status Not for loan Collection code Home library Current library Shelving location Date acquired Source of acquisition Cost, normal purchase price Total Checkouts Full call number Barcode Date last seen Copy number Cost, replacement price Price effective from Koha item type Public note
    Dewey Decimal Classification     Technical IIT Goa Central Library IIT Goa Central Library General Stacks 2026-07-01 Krishna Book Distributors 795.00   530.41 SOL 4709 2026-07-01 1 795.00 2026-07-01 Books KBD/26-27/16759||08-06-2026||20.00%
    Dewey Decimal Classification     Technical IIT Goa Central Library IIT Goa Central Library General Stacks 2026-07-01 Krishna Book Distributors 795.00   530.41 SOL 4710 2026-07-01 2 795.00 2026-07-01 Books KBD/26-27/16759||08-06-2026||20.00%